[Event "Benimodo Igualtat"]
[Site "Benimodo"]
[Date "2018.08.17"]
[Round "5.10"]
[White "Lopez Sardinas, Alexis Adalberto"]
[Black "Cortes Ruiz, Javier"]
[Result "1/2-1/2"]
[WhiteElo "1207"]
[BlackElo "1987"]
[PlyCount "60"]
[EventDate "2018.08.14"]
[EventType "swiss"]
[EventRounds "7"]
[EventCountry "ESP"]
[SourceTitle "EXT 2024"]
[Source "ChessBase"]
[SourceDate "2023.10.10"]
[SourceVersion "1"]
[SourceVersionDate "2023.10.10"]
[SourceQuality "1"]

1. d4 Nf6 2. c4 g6 3. Nc3 Bg7 4. e4 d6 5. Nf3 0-0 6. Be2 Nbd7 7. 0-0 e5 8. d5 h6 9. b4 Nh7 10. Ne1 f5 11. f3 f4 12. Nd3 b6 13. Bd2 g5 14. Be1 h5 15. Bf2 Rf6 16. c5 Rg6 17. cxd6 cxd6 18. Rc1 a6 19. a3 g4 20. fxg4 Qg5 21. h4 Qe7 22. g5 Nxg5 23. hxg5 Qxg5 24. Bf3 Nf6 25. Qe1 Ng4 26. Bh4 Qh6 27. Nd1 Bf6 28. Bxf6 Nxf6 29. Qh4 Bg4 30. Kh2 Qg7 1/2-1/2

[Event "Benimodo Igualtat"]
[Site "Benimodo"]
[Date "2018.08.15"]
[Round "2.8"]
[White "Cortes Ruiz, Javier"]
[Black "Apolo Sanchez, Manuel"]
[Result "1/2-1/2"]
[WhiteElo "1987"]
[BlackElo "1939"]
[PlyCount "60"]
[EventDate "2018.08.14"]
[EventType "swiss"]
[EventRounds "7"]
[EventCountry "ESP"]
[SourceTitle "EXT 2024"]
[Source "ChessBase"]
[SourceDate "2023.10.10"]
[SourceVersion "1"]
[SourceVersionDate "2023.10.10"]
[SourceQuality "1"]

1. e4 c5 2. Nf3 Nc6 3. d4 cxd4 4. Nxd4 e5 5. Nb5 a6 6. Nd6+ Bxd6 7. Qxd6 Qf6 8. Qa3 Nge7 9. Qg3 d5 10. exd5 Nxd5 11. Bc4 Nde7 12. Nc3 Nf5 13. Ne4 Qe7 14. Qc3 Nd6 15. Nxd6+ Qxd6 16. 0-0 0-0 17. Be3 Qg6 18. f4 Be6 19. Bxe6 Qxe6 20. f5 Qf6 21. Rf3 Rad8 22. Rg3 Nd4 23. Bxd4 Rxd4 24. Rf1 Rfd8 25. Rd3 Rxd3 26. cxd3 Qb6+ 27. Kh1 Qd4 28. Rc1 h5 29. h3 Qf4 30. Re1 Qxf5 1/2-1/2

[Event "Catalunya-chT GpA final"]
[Site "Barcelona"]
[Date "2017.03.25"]
[Round "3.10"]
[White "Cortes Ruiz, Javier"]
[Black "Perez Garcia, Adria"]
[Result "0-1"]
[WhiteElo "1922"]
[BlackElo "2080"]
[PlyCount "66"]
[EventDate "2017.03.11"]
[EventType "team-tourn"]
[EventRounds "11"]
[EventCountry "ESP"]
[SourceTitle "CBM 177 Extra"]
[Source "ChessBase"]
[SourceDate "2017.04.27"]
[SourceVersion "1"]
[SourceVersionDate "2017.04.27"]
[SourceQuality "1"]
[WhiteTeam "Barcelona Escola Escacs"]
[BlackTeam "Peona I Peo"]
[WhiteTeamCountry "ESP"]
[BlackTeamCountry "ESP"]

1. e4 c6 2. d3 d5 3. Nd2 e5 4. Ngf3 Bd6 5. Be2 Nf6 6. 0-0 0-0 7. h3 a5 8. Nh2 Na6 9. Bg4 Nxg4 10. Nxg4 Nc5 11. f4 exf4 12. d4 Nxe4 13. Nxe4 dxe4 14. Bxf4 Bxg4 15. hxg4 Re8 16. g3 Bxf4 17. Rxf4 Qb6 18. b3 Rad8 19. c3 c5 20. d5 c4+ 21. Kg2 Qc5 22. Qf1 Qxd5 23. bxc4 Qd2+ 24. Rf2 Qxc3 25. Rxf7 Rd2+ 26. Kh3 Qb2 27. g5 Rh2+ 28. Kg4 Qe5 29. Rf5 Qe6 30. Kf4 g6 31. Rf6 Qe5+ 32. Kg4 e3 33. Qd3 h5+ 0-1

[Event "Cullera op-A"]
[Site "Cullera"]
[Date "2007.07.09"]
[Round "6"]
[White "Gimenez Ruiz, Jesus"]
[Black "Cortes Ruiz, Javier"]
[Result "0-1"]
[WhiteElo "1910"]
[BlackElo "1945"]
[PlyCount "126"]
[EventDate "2007.07.06"]
[EventType "swiss"]
[EventRounds "9"]
[EventCountry "ESP"]
[SourceTitle "CBM 119 Extra"]
[Source "ChessBase"]
[SourceDate "2007.09.04"]
[SourceVersion "1"]
[SourceVersionDate "2007.09.04"]
[SourceQuality "1"]

1. d4 Nf6 2. Nf3 e6 3. Bg5 h6 4. Bh4 Be7 5. e3 b6 6. Nbd2 Ba6 7. Bxa6 Nxa6 8. c3 0-0 9. 0-0 c5 10. Qe2 Nc7 11. Rad1 Qc8 12. Qd3 Nfd5 13. Bxe7 Nxe7 14. Ne4 d5 15. Ng3 c4 16. Qc2 b5 17. a3 Nc6 18. Ne2 Rb8 19. Nc1 a5 20. Rfe1 b4 21. axb4 axb4 22. Ne2 Qb7 23. Ra1 Ra8 24. Reb1 Rxa1 25. Rxa1 Ra8 26. Qb1 Ra6 27. Ne1 Qa7 28. Rxa6 Qxa6 29. Nc2 Qa5 30. Qa1 Qxa1+ 31. Nxa1 b3 32. Kf1 Kf8 33. Ke1 Ke7 34. f3 Kd6 35. Nf4 Ne7 36. g4 f6 37. Nh5 Ne8 38. Nf4 e5 39. Nh5 g6 40. Ng3 f5 41. Nf1 Nf6 42. h3 Ke6 43. Kf2 Nd7 44. Ke2 Kf6 45. Ng3 f4 46. Nh1 Nb6 47. Nf2 Na4 48. Nd1 exd4 49. exd4 Kg5 50. Kf2 Nc6 51. Kg2 Nd8 52. Kf2 Ne6 53. Kg2 Kh4 54. Kh2 Ng5 55. Kg2 Nxh3 56. Nxb3 cxb3 57. c4 dxc4 58. d5 c3 59. bxc3 b2 60. Nxb2 Nxb2 61. d6 Ng5 62. d7 Ne6 63. Kh2 Nc4 0-1

[Event "Mislata op 14th"]
[Site "Mislata"]
[Date "2006.08.22"]
[Round "1"]
[White "Gomez Jurado, Luis Alberto"]
[Black "Cortes Ruiz, Javier"]
[Result "1/2-1/2"]
[WhiteElo "2333"]
[BlackElo "1924"]
[PlyCount "151"]
[EventDate "2006.08.22"]
[EventType "swiss"]
[EventRounds "9"]
[EventCountry "ESP"]
[SourceTitle "CBM 113 Extra"]
[Source "ChessBase"]
[SourceDate "2006.09.14"]
[SourceVersion "1"]
[SourceVersionDate "2006.09.14"]
[SourceQuality "1"]

1. e4 c5 2. Nf3 Nc6 3. d4 cxd4 4. Nxd4 Nf6 5. Nc3 e5 6. Ndb5 d6 7. Bg5 a6 8. Na3 b5 9. Nd5 Be7 10. Bxf6 Bxf6 11. c3 Ne7 12. Nxf6+ gxf6 13. Nc2 Bb7 14. Bd3 d5 15. exd5 Nxd5 16. Be4 f5 17. Bxd5 Qxd5 18. Qxd5 Bxd5 19. Ne3 Be6 20. 0-0-0 f4 21. Nd5 0-0-0 22. Nf6 Bxa2 23. Kc2 Be6 24. Rhe1 Bf5+ 25. Kc1 Rxd1+ 26. Rxd1 Rd8 27. Re1 Rd6 28. Ne8 Rg6 29. Rxe5 Bd7 30. Rc5+ Kd8 31. Nc7 Rxg2 32. Nxa6 Rxf2 33. Rd5 Ke7 34. Nc5 Be6 35. Rd2 Rxd2 36. Kxd2 Kf6 37. Ne4+ Ke5 38. Nf2 Bc4 39. Kc2 f3 40. Kd2 f5 41. Ke3 Bd5 42. Nd3+ Kd6 43. Kd4 f4 44. Nf2 Ke6 45. Kc5 Bc4 46. Kb4 Kd5 47. Ka3 h5 48. h4 Be2 49. Kb4 Bf1 50. Kb3 Kc5 51. Ne4+ Kc6 52. Nf2 Kd5 53. Kb4 Bd3 54. Kb3 Bf5 55. Kb4 Kc6 56. Ka3 Kc5 57. Kb3 b4 58. Nd1 Bd7 59. Kc2 Kc4 60. b3+ Kc5 61. cxb4+ Kxb4 62. Kd3 Bc6 63. Kd4 Kxb3 64. Ke5 Kc2 65. Nf2 Kd2 66. Kxf4 Ke2 67. Kg3 Bd5 68. Nh3 Ke3 69. Nf2 Ke2 70. Nh1 Ke3 71. Nf2 Bb3 72. Nh3 Be6 73. Nf2 Bg4 74. Nh1 Ke2 75. Nf2 Bd7 76. Ne4 1/2-1/2